000 00812nab a2200241 u 4500
001 17952
003 HDC
007 cr bn ---aaaaa
008 210225c20120606xx dr|noo 0 a eng d
040 _aHDC
245 0 _aIndonesia: More imported products declared halal by MUI
260 _a[No place] :
_b[publisher not identified],
_c2012
336 _atext
_2rdacontent
337 _acomputer
_2rdamedia
338 _aonline resource
_2rdacarrier
650 _ahalal product business
_zIndonesia
_917087
650 _aimported products
_917088
710 _aHalal Focus
856 _zRequest full-text at [email protected]
942 _2lcc
942 _cNEWS
942 _kNWSO 006002
999 _c15268
_d15268